000 00679nam a2200289Ia 4500
005 20260324120640.0
008 008 260324s9999 xx 000 0 eng d
020 _a9780429492792
037 _aEBOOK
040 _aCRL
040 _beng
040 _cCRL
041 _2eng
041 _aeng
084 _qCRL
100 _aCraig A Rimmerman
_91159416
245 4 _aThe Lesbian and Gay Movements
245 0 _bAssimilation or Liberation?
260 _bTaylor and Francis
260 _c2015
365 _a
365 _b230
856 _uhttp://www.taylorfrancis.com/books/9780429492792
942 _cEBOOK
999 _c1751059
_d1751059